| 000 | 00501 a2200169 4500 | ||
|---|---|---|---|
| 003 | OSt | ||
| 005 | 20231229135921.0 | ||
| 008 | 231229b |||||||| |||| 00| 0 eng d | ||
| 020 | _a9788120339156 | ||
| 040 | _coclc | ||
| 082 |
_a621.56 _bARO/R |
||
| 100 | 1 |
_aArora, R. C., _d1933- _910233 |
|
| 245 |
_aRefrigeration and air conditioning / _cRamesh Chandra Arora |
||
| 260 |
_aDelhi: _bPHI Learning, _c2019. |
||
| 300 | _a1087p | ||
| 942 |
_2ddc _cBK _h621.56 _iARO/R _k621.56 _mARO/R |
||
| 999 |
_c44235 _d44235 |
||